| 000 | 00865nam a2200253 i 4500 | ||
|---|---|---|---|
| 001 | 000014088 | ||
| 003 | DO-SdBNP | ||
| 005 | 20250226103303.0 | ||
| 007 | ta | ||
| 008 | 091204s1975 dr 000 0 spa d | ||
| 040 |
_aDO-SdBNP _bspa _cBNPHU _erda |
||
| 049 | _aBNPD | ||
| 082 | 4 |
_axxxx _bD449W _222 |
|
| 245 | 0 | 0 |
_aDesde Washington Pedro Henríquez Ureña / _cCompilación e introducción, Minerva Salado. |
| 264 | 1 |
_aLa Habana, Cuba : _bCasa de las Américas _bInstituto Cubano del Libro, _c1975. |
|
| 300 |
_a128 páginas ; _c23 cm. |
||
| 336 |
_atexto _btxt _2rdacontent |
||
| 337 |
_asin mediación _bn _2rdamedia |
||
| 338 |
_avolumen _bnc _2rdacarrier |
||
| 490 |
_aColección Cuadernos Casa _v14 |
||
| 500 | _aIncluye referencias bibliográficas y notas al pie de las páginas | ||
| 700 | 1 |
_aSalado, Minerva, _ecompilador _4comp. _931893 |
|
| 942 |
_2ddc _cLBS1 |
||
| 999 |
_c13690 _d13690 |
||